000 00234nam a2200097 a 4500
005 20140414132002.0
008 110217s19uu xx 00 eng d
050 _aTR
_bY9 2007
245 _aLet's find out yummy colors.
999 _c113102
_d113102